000
00300nam a22001337a 4500
003
SGT
082
_a
615
_b
LAV
100
_a
LAVANDE, DR. JIWAN P.
245
_a
A TEXTBOOK OF PHARMACEUTICAL
260
_a
INDIA
_b
PEE VEE PUB.
_c
2020
300
_a
199
650
_a
PHARMACEUTICAL
942
_2
ddc
_c
BK
999
_c
32455
_d
32455